[Event "SR 3. liga A2 2014/2015"]
[Site "?"]
[Date "2015.03.22"]
[Round "11.5"]
[White "Skapikova, Lubica"]
[Black "Sobek, Michal"]
[Result "1-0"]
[WhiteElo "1862"]
[BlackElo "1684"]
[PlyCount "87"]
[EventDate "2015.??.??"]

1. e4 e5 2. Nf3 Nc6 3. Bb5 a6 4. Ba4 Nf6 5. O-O b5 6. Bb3 Be7 7. d3 O-O 8. c3
d6 9. Re1 Na5 10. Bc2 c5 11. Nbd2 Re8 12. Nf1 Bf8 13. Bg5 h6 14. Bh4 g6 15. Qd2
Bg7 16. h3 Bb7 17. Ne3 Qc7 18. Bxf6 Bxf6 19. Ng4 Bg7 20. Nxh6+ Kf8 21. b4 cxb4
22. cxb4 Nc6 23. Bb3 Nd8 24. Rac1 Qe7 25. Nh2 Qh4 26. N2g4 d5 27. Qe3 Ne6 28.
exd5 Nd4 29. Rc7 Re7 30. d6 Rxc7 31. dxc7 Nxb3 32. axb3 f5 33. Qc5+ Qe7 34.
Qxe7+ Kxe7 35. Nxe5 Bxe5 36. Rxe5+ Kf6 37. f4 Kg7 38. Nxf5+ gxf5 39. Rxf5 Rc8
40. Rc5 Kf6 41. f5 Rg8 42. g4 Ke7 43. Kf2 Kd6 44. f6 1-0

[Event "SR 3. liga A2 2014/2015"]
[Site "?"]
[Date "2015.03.22"]
[Round "11.5"]
[White "Buran, Andrej"]
[Black "Palka, Miroslav"]
[Result "0-1"]
[WhiteElo "1586"]
[BlackElo "1912"]
[PlyCount "66"]
[EventDate "2015.??.??"]

1. e4 c5 2. Nf3 Nc6 3. d4 cxd4 4. Nxd4 g6 5. Bc4 Bg7 6. Be3 d6 7. O-O Nf6 8.
Nc3 O-O 9. h3 Bd7 10. f4 a6 11. f5 b5 12. Bd3 Ne5 13. fxg6 fxg6 14. Nd5 Nxd3
15. Qxd3 Rc8 16. Bg5 Nxd5 17. exd5 Qb6 18. Be3 Qc7 19. c3 Qc4 20. Qxc4 Rxc4 21.
Rxf8+ Kxf8 22. Rf1+ Ke8 23. Re1 b4 24. Bg5 Bf8 25. Re3 bxc3 26. bxc3 Rc5 27.
Nf3 Rxd5 28. Re4 Ra5 29. Rh4 Bc6 30. Nd4 Rxg5 31. Nxc6 Rc5 32. Nb4 a5 33. Na6
Rc6 0-1

[Event "SR 3. liga A2 2014/2015"]
[Site "?"]
[Date "2015.03.22"]
[Round "11.6"]
[White "Takacs, Laszlo"]
[Black "Miciak, Emanuel"]
[Result "1-0"]
[WhiteElo "2110"]
[BlackElo "1882"]
[PlyCount "87"]
[EventDate "2015.??.??"]

1. e4 e5 2. Nf3 Nc6 3. Bb5 a6 4. Ba4 Nf6 5. O-O Be7 6. Re1 b5 7. Bb3 O-O 8. h3
d6 9. c3 Na5 10. Bc2 c5 11. d4 Qc7 12. Nbd2 Re8 13. Nf1 Bf8 14. Bg5 Be7 15. Ng3
g6 16. d5 Qd8 17. Bh6 Nd7 18. Qc1 Nf8 19. b3 Bd7 20. Be3 Bf6 21. Bg5 Bxg5 22.
Nxg5 h6 23. Nf3 Kg7 24. Rf1 Nh7 25. Qe3 Nf6 26. Rad1 c4 27. b4 Nb7 28. a3 a5
29. Nh2 axb4 30. axb4 Ra2 31. Bb1 Ra1 32. f4 Qe7 33. Rd2 h5 34. h4 Nd8 35. f5
Nh7 36. Nxh5+ gxh5 37. f6+ Nxf6 38. Qg5+ Kf8 39. Rxf6 Rxb1+ 40. Kf2 Bg4 41.
Nxg4 hxg4 42. Qh6+ Kg8 43. Rf5 g3+ 44. Ke2 1-0

[Event "SR 3. liga A2 2014/2015"]
[Site "?"]
[Date "2015.03.22"]
[Round "11.6"]
[White "Tomasovic, Martin"]
[Black "Balogh, Peter"]
[Result "0-1"]
[WhiteElo "1661"]
[BlackElo "2028"]
[PlyCount "120"]
[EventDate "2015.??.??"]

1. e4 c5 2. Nf3 d6 3. d4 cxd4 4. Nxd4 Nf6 5. Bd3 Nc6 6. Be3 g6 7. Nc3 Bg7 8.
Nxc6 bxc6 9. O-O O-O 10. h3 Bb7 11. Re1 Nd7 12. Qd2 Nb6 13. Bh6 d5 14. exd5
cxd5 15. Bxg7 Kxg7 16. Nb5 a6 17. Nd4 h6 18. Qc3 Kh7 19. Re3 Rc8 20. Qb4 Re8
21. Rae1 a5 22. Qxa5 Ra8 23. Qb4 Ra4 24. Qc3 e5 25. Rxe5 Rxe5 26. Rxe5 Qf6 27.
Nf3 d4 28. Qc7 Bxf3 29. gxf3 Rxa2 30. Be4 Rxb2 31. Re7 Kg7 32. Qe5 Qxe5 33.
Rxe5 f5 34. Bd3 Kf6 35. Rc5 Nd7 36. Rc6+ Kg5 37. h4+ Kf4 38. Rxg6 Ne5 39. Rxh6
Nxf3+ 40. Kf1 Rb1+ 41. Kg2 Rg1+ 42. Kh3 Rh1+ 43. Kg2 Rh2+ 44. Kf1 Nxh4 45. Rf6
Kf3 46. Be2+ Ke4 47. Bd3+ Ke5 48. Rf8 Rh1+ 49. Ke2 Rg1 50. Re8+ Kf4 51. Rh8 Nf3
52. Bb5 Re1+ 53. Kd3 Rd1+ 54. Ke2 Rd2+ 55. Kf1 Rxc2 56. Rd8 Rc5 57. Be2 Rc1+
58. Kg2 Ne1+ 59. Kh2 d3 60. Bxd3 Rd1 0-1

[Event "SR 3. liga A2 2014/2015"]
[Site "?"]
[Date "2015.03.22"]
[Round "11.6"]
[White "Lesny, Stefan"]
[Black "Podjavorinsky, Michal"]
[Result "0-1"]
[WhiteElo "2083"]
[BlackElo "1736"]
[PlyCount "72"]
[EventDate "2015.??.??"]

1. e4 Nf6 2. d3 d5 3. e5 Nfd7 4. f4 c5 5. Nf3 e6 6. c3 Nc6 7. g3 Be7 8. Bg2 O-O
9. Qe2 Rb8 10. O-O b5 11. Nbd2 c4 12. d4 b4 13. Ne1 bxc3 14. bxc3 Qa5 15. Nb1
Nb6 16. Qc2 Na4 17. g4 f6 18. exf6 Bxf6 19. Nf3 Be7 20. Ne5 Nxe5 21. fxe5 Bd7
22. Rf3 Rxf3 23. Bxf3 Be8 24. Bd2 Bg6 25. Qc1 Qb6 26. Bd1 Nb2 27. Bc2 Bxc2 28.
Qxc2 Nd3 29. Kg2 Rf8 30. a4 Bg5 31. Kg1 Rf2 32. a5 Qb8 33. a6 Qf8 34. Qd1 Bxd2
35. Nxd2 Qf4 36. Nf1 Rb2 0-1

[Event "SR 3. liga A2 2014/2015"]
[Site "?"]
[Date "2015.03.22"]
[Round "11.6"]
[White "Smrek, Peter"]
[Black "Merva, Frantisek"]
[Result "0-1"]
[WhiteElo "1831"]
[BlackElo "2045"]
[PlyCount "74"]
[EventDate "2015.??.??"]

1. e4 c5 2. Nf3 d6 3. d4 cxd4 4. Nxd4 Nf6 5. Nc3 a6 6. Be2 e5 7. Nf3 Nc6 8. h3
Be7 9. Be3 Be6 10. Qd2 Rc8 11. Rd1 b5 12. a3 Na5 13. Ng5 Bc4 14. Nd5 Nxd5 15.
exd5 Bxe2 16. Qxe2 Bxg5 17. f4 Bh4+ 18. Kd2 Nc4+ 19. Kc1 O-O 20. Kb1 Nxe3 21.
Qxe3 exf4 22. Qxf4 Bf6 23. g4 Be5 24. Qf5 Rc4 25. Rhf1 Qc8 26. c3 Qxf5+ 27.
Rxf5 Rf4 28. Rxf4 Bxf4 29. Kc2 Rc8 30. Re1 Be5 31. Kb3 Rc4 32. Re3 g6 33. Kc2
f5 34. gxf5 gxf5 35. b3 Rc7 36. Rf3 f4 37. Kd2 Kf7 0-1

[Event "SR 3. liga A2 2014/2015"]
[Site "?"]
[Date "2015.03.22"]
[Round "11.6"]
[White "Matis, Tibor"]
[Black "Krchnak, Rudolf"]
[Result "0-1"]
[WhiteElo "1664"]
[BlackElo "1796"]
[PlyCount "116"]
[EventDate "2015.??.??"]

1. e4 c5 2. Nf3 d6 3. d4 cxd4 4. Nxd4 Nf6 5. Nc3 a6 6. Bd3 e5 7. Nb3 Be6 8. O-O
Be7 9. f4 Qc7 10. f5 Bc4 11. Be3 Nbd7 12. Rc1 d5 13. exd5 Nxd5 14. Bxc4 Nxe3
15. Bxf7+ Kf8 16. Qh5 Nf6 17. Qh3 Nxf1 18. Be6 Nxh2 19. Kxh2 Rd8 20. Re1 Bb4
21. g4 Bxc3 22. bxc3 e4+ 23. Kg2 Qf4 24. Re2 Qxg4+ 25. Qxg4 Nxg4 26. Rxe4 Nf6
27. Rb4 b5 28. Nd4 g6 29. Rb1 gxf5 30. Bxf5 Rd6 31. Re1 Kf7 32. Ne6 h6 33. Nf4
Rg8+ 34. Kf3 Rg5 35. Be6+ Kf8 36. Bb3 Rf5 37. Kg3 Nh5+ 38. Nxh5 Rxh5 39. Rf1+
Ke7 40. Rf7+ Kd8 41. Rf8+ Kc7 42. Rf7+ Kb6 43. Rf4 Rc5 44. c4 b4 45. Rf8 a5 46.
Rb8+ Kc7 47. Rh8 Rg6+ 48. Kf3 Ra6 49. Rh7+ Kb8 50. Rh8+ Rc8 51. Rxc8+ Kxc8 52.
Ba4 Rg6 53. Ke4 Kc7 54. Kd4 Rg4+ 55. Kd3 Kd6 56. Be8 Kc5 57. Bf7 Rg3+ 58. Kd2
Ra3 0-1

[Event "SR 3. liga A2 2014/2015"]
[Site "?"]
[Date "2015.03.22"]
[Round "11.6"]
[White "Kosiarcik, Maximilian"]
[Black "Gogora, Kristian"]
[Result "1-0"]
[WhiteElo "1437"]
[BlackElo "1528"]
[PlyCount "77"]
[EventDate "2015.??.??"]

1. e4 c5 2. Nf3 Nc6 3. d4 cxd4 4. Nxd4 Nf6 5. Nc3 e5 6. Nf3 Bb4 7. Bc4 Nxe4 8.
Qd5 Nd6 9. Nxe5 O-O 10. Bf4 Nxe5 11. Bxe5 Nxc4 12. Qxc4 Qa5 13. O-O d6 14. Bd4
Be6 15. Qd3 Rfc8 16. Qg3 g6 17. a3 Bxc3 18. Bxc3 Qb6 19. Rad1 d5 20. Qe5 Kf8
21. Rfe1 Qc6 22. Qf6 h5 23. Rxe6 Qxe6 24. Qg7+ Ke7 25. Re1 Qxe1+ 26. Bxe1 Rxc2
27. Bb4+ Ke6 28. g3 Rac8 29. Bc3 R2xc3 30. bxc3 a6 31. f4 Rd8 32. Qe5+ Kd7 33.
Qxd5+ Ke8 34. Qxb7 Rd1+ 35. Kg2 Rd2+ 36. Kh3 Rd6 37. c4 f6 38. c5 Rd7 39. c6
1-0

[Event "SR 3. liga A2 2015/2016"]
[Site "?"]
[Date "2015.10.11"]
[Round "1.1"]
[White "Liptak, Tomas"]
[Black "Bisco, Igor"]
[Result "1/2-1/2"]
[WhiteElo "2222"]
[BlackElo "2068"]
[PlyCount "60"]
[EventDate "2016.??.??"]

1. e4 e5 2. Nf3 Nc6 3. Bb5 a6 4. Ba4 Nf6 5. O-O Be7 6. Re1 b5 7. Bb3 d6 8. c3
O-O 9. d4 Bg4 10. d5 Na5 11. Bc2 c6 12. dxc6 Qc7 13. h3 Bc8 14. Nbd2 Nxc6 15.
a4 Bb7 16. Qe2 bxa4 17. Rxa4 a5 18. Bd3 Rad8 19. c4 Nb4 20. Bb1 Bc6 21. Ra3 Na6
22. Nf1 Nc5 23. Ng3 Rfe8 24. Bd2 a4 25. Bc2 Rb8 26. Bc3 Bf8 27. Rd1 Rec8 28.
Ne1 Bd7 29. Rc1 Nb3 30. Bxb3 Rxb3 1/2-1/2

[Event "SR 3. liga A2 2015/2016"]
[Site "?"]
[Date "2015.10.11"]
[Round "1.1"]
[White "Malar, Pavol"]
[Black "Liptak, Dusan"]
[Result "1-0"]
[WhiteElo "2050"]
[BlackElo "2138"]
[PlyCount "93"]
[EventDate "2016.??.??"]

1. e4 c5 2. Nf3 d6 3. Bb5+ Nd7 4. d3 Ngf6 5. O-O e6 6. Re1 a6 7. Ba4 b5 8. Bb3
Be7 9. Nbd2 O-O 10. a4 Bb7 11. Qe2 Qc7 12. c3 Nb6 13. axb5 axb5 14. Rxa8 Rxa8
15. d4 Ba6 16. e5 Nfd5 17. Qe4 cxd4 18. Bc2 g6 19. cxd4 Nb4 20. Bb1 Bb7 21. Qf4
N6d5 22. Qh6 Bf8 23. Qh4 Ra1 24. exd6 Qxd6 25. Ne4 Qe7 26. Bg5 Qe8 27. Nc5 Ba8
28. Nb3 Ra4 29. Ne5 Nc6 30. Nd3 Bg7 31. Ndc5 Ra7 32. Bd3 Ncb4 33. Bb1 Nc6 34.
Qe4 Na5 35. Nd2 Nc3 36. Qf4 Nxb1 37. Rxb1 Bd5 38. Bf6 Bxf6 39. Qxf6 Nc6 40. h4
Qe7 41. Qf4 h5 42. Rc1 Kg7 43. Nde4 b4 44. Nd3 Qd8 45. Nd6 Qb8 46. Rxc6 Ra1+
47. Kh2 1-0

[Event "SR 3. liga A2 2015/2016"]
[Site "?"]
[Date "2015.10.11"]
[Round "1.1"]
[White "Kovacocy, Pavel"]
[Black "Skocik, Jozef"]
[Result "1-0"]
[WhiteElo "2199"]
[BlackElo "1956"]
[PlyCount "101"]
[EventDate "2016.??.??"]

1. e4 c5 2. Nf3 d6 3. d4 cxd4 4. Nxd4 Nf6 5. f3 Nc6 6. c4 g6 7. Be3 Bg7 8. Qd2
O-O 9. Nc3 Bd7 10. Be2 a6 11. O-O Rc8 12. Rac1 Ne8 13. Nd5 e6 14. Nxc6 Rxc6 15.
Nb4 Rc8 16. Rfd1 a5 17. Nd3 Bf6 18. Bf1 b5 19. cxb5 Bxb5 20. Rxc8 Qxc8 21. Qxa5
Bxd3 22. Bxd3 Bxb2 23. Rb1 Bg7 24. Qb6 Qc3 25. Qb3 Qxb3 26. axb3 Nf6 27. b4 d5
28. b5 dxe4 29. fxe4 Ng4 30. Ba7 Rd8 31. Be2 Ra8 32. Bb6 Rb8 33. Bc7 Rb7 34. b6
Bd4+ 35. Kf1 Ne3+ 36. Ke1 Nxg2+ 37. Kd2 Bxb6 38. Bxb6 Nf4 39. Ba6 Rd7+ 40. Ke3
g5 41. Bc5 Kg7 42. Bd4+ f6 43. Bc3 Rd6 44. Rb7+ Kg6 45. Bb5 Rd8 46. Re7 e5 47.
Bd7 Kh6 48. Bf5 Rd3+ 49. Kf2 Ng6 50. Rc7 Rh3 51. Bxh3 1-0

[Event "SR 3. liga A2 2015/2016"]
[Site "?"]
[Date "2015.10.11"]
[Round "1.1"]
[White "Racik, Marek"]
[Black "Cechovic, Stefan"]
[Result "0-1"]
[WhiteElo "1883"]
[BlackElo "2142"]
[PlyCount "62"]
[EventDate "2016.??.??"]

1. Nf3 c5 2. g3 Nc6 3. Bg2 d5 4. O-O Nf6 5. d3 e6 6. Nbd2 Be7 7. b3 O-O 8. Re1
b6 9. c4 Bb7 10. Bb2 d4 11. Nf1 Qc7 12. h3 Rad8 13. Qc2 e5 14. Rad1 Rfe8 15. e3
Bd6 16. exd4 exd4 17. N1d2 Ne7 18. Ne4 Nxe4 19. dxe4 Ng6 20. Bc1 d3 21. Qd2
Bxe4 22. Rxe4 Rxe4 23. Ne1 Rde8 24. f4 Be7 25. Bb2 Qd6 26. Nxd3 Bf6 27. Bxf6
Qxf6 28. Qc2 Rd4 29. Bd5 Re3 30. Nf2 Ne7 31. Ng4 Qf5 0-1

[Event "SR 3. liga A2 2015/2016"]
[Site "?"]
[Date "2015.10.11"]
[Round "1.1"]
[White "Sarmir, Milos"]
[Black "Gajarsky, Roman"]
[Result "1-0"]
[WhiteElo "2023"]
[BlackElo "1741"]
[PlyCount "74"]
[EventDate "2016.??.??"]

1. e4 c5 2. Nf3 Nc6 3. d4 cxd4 4. Nxd4 e6 5. Be2 Nf6 6. Bf3 a6 7. O-O Bc5 8.
Nb3 Ba7 9. Nc3 Qc7 10. Bg5 Bb8 11. g3 h6 12. Bf4 Ne5 13. Bg2 Ba7 14. Kh1 g5 15.
Bxe5 Qxe5 16. Nd2 h5 17. Nf3 Qc5 18. e5 Ng4 19. Ne4 Qb6 20. Nfxg5 Nxe5 21. Qe2
Ng4 22. c4 f5 23. c5 Qa5 24. Nd6+ Kf8 25. f3 Bxc5 26. Nc4 Qc7 27. fxg4 hxg4 28.
Qxg4 Ke7 29. Rxf5 exf5 30. Qxf5 Qxg3 31. Qf7+ Kd8 32. Ne6+ dxe6 33. Rd1+ Bd6
34. Rxd6+ Qxd6 35. Nxd6 Bd7 36. Nxb7+ Kc8 37. Nc5 Rd8 1-0

[Event "SR 3. liga A2 2015/2016"]
[Site "?"]
[Date "2015.10.11"]
[Round "1.1"]
[White "Tupy, Bystrik"]
[Black "Markuliak, Mario"]
[Result "0-1"]
[WhiteElo "1767"]
[BlackElo "1833"]
[PlyCount "100"]
[EventDate "2016.??.??"]

1. e4 d6 2. d4 Nd7 3. Nf3 e5 4. dxe5 Nxe5 5. Nxe5 dxe5 6. Qxd8+ Kxd8 7. Bc4 Be6
8. Bxe6 fxe6 9. Nc3 Bd6 10. Bg5+ Nf6 11. O-O-O Ke7 12. Nb5 h6 13. Bxf6+ gxf6
14. Rd3 a6 15. Nxd6 cxd6 16. Rhd1 Rad8 17. b3 Rd7 18. Kb2 Rhd8 19. Rh3 Rh8 20.
Rhd3 Rg8 21. g3 Rgd8 22. f3 d5 23. exd5 Rxd5 24. a3 h5 25. R1d2 f5 26. Kc3 Rc8+
27. Kb2 Rcd8 28. Kc3 a5 29. Kb2 b5 30. Kc3 Kf6 31. Rg2 Rc5+ 32. Kb2 Rd4 33.
Rdd2 b4 34. a4 Rc3 35. Rdf2 Rd1 36. f4 e4 37. Rd2 Rxd2 38. Rxd2 e3 39. Re2 e5
40. fxe5+ Kxe5 41. Kc1 Ke4 42. Kd1 h4 43. Re1 Rc6 44. Kc1 hxg3 45. hxg3 Rg6 46.
Rg1 f4 47. Rh1 fxg3 48. Rg1 Kf3 49. Kd1 Kf2 50. Re1 Rd6+ 0-1

[Event "SR 3. liga A2 2015/2016"]
[Site "?"]
[Date "2015.10.11"]
[Round "1.1"]
[White "Hornak, Pavol"]
[Black "Janas, Peter"]
[Result "1-0"]
[WhiteElo "1789"]
[BlackElo "1667"]
[PlyCount "117"]
[EventDate "2016.??.??"]

1. d4 Nf6 2. c4 e5 3. dxe5 Ng4 4. Nf3 Nc6 5. e3 Ngxe5 6. Nxe5 Nxe5 7. Be2 Bb4+
8. Nd2 O-O 9. O-O Be7 10. Qc2 d6 11. b3 Re8 12. Bb2 Bf8 13. Rad1 Qh4 14. Nf3
Nxf3+ 15. Bxf3 Qg5 16. Be4 g6 17. Qc3 Qe5 18. Qxe5 dxe5 19. Rd5 f5 20. Bb1 Bg7
21. Rfd1 Be6 22. R5d2 Kf7 23. Kf1 e4 24. Bxg7 Kxg7 25. f3 exf3 26. gxf3 a5 27.
e4 fxe4 28. Bxe4 c6 29. c5 Kf6 30. h4 h6 31. Rd6 g5 32. h5 Re7 33. Kf2 Kg7 34.
Re1 Rae8 35. Bg6 Bf7 36. Bxf7 Rxe1 37. Bxe8 Rxe8 38. Rd7+ Kg8 39. Rxb7 Re5 40.
Ra7 Rxc5 41. Ke3 Re5+ 42. Kd4 Rf5 43. Ra6 Rxf3 44. Rxa5 Kf7 45. Ra7+ Kg8 46.
Rc7 Rf2 47. Rxc6 Rxa2 48. Rxh6 Ra5 49. b4 Rf5 50. Kc4 Kg7 51. Rg6+ Kf7 52. b5
Rf4+ 53. Kc5 g4 54. b6 Rf5+ 55. Kc6 Rxh5 56. Rxg4 Rh1 57. Rg5 Ke6 58. b7 Rh8
59. Rb5 1-0

[Event "SR 3. liga A2 2015/2016"]
[Site "?"]
[Date "2015.10.11"]
[Round "1.1"]
[White "Tupy, Emil"]
[Black "Vlkovic, Pavol"]
[Result "1/2-1/2"]
[WhiteElo "1702"]
[BlackElo "1803"]
[PlyCount "69"]
[EventDate "2016.??.??"]

1. c4 Nf6 2. Nc3 g6 3. d4 Bg7 4. g3 O-O 5. Bg2 d6 6. Nf3 c6 7. O-O a5 8. Re1
Qc7 9. e4 e5 10. d5 Na6 11. Bg5 h6 12. Be3 Bd7 13. Qd2 Ng4 14. Rad1 Rad8 15. b3
Nxe3 16. Qxe3 c5 17. h4 Bg4 18. Nb5 Qd7 19. Rd2 Rde8 20. Qc3 b6 21. Nh2 Rd8 22.
Nxd6 Qxd6 23. Nxg4 f5 24. Nh2 f4 25. a3 h5 26. Nf3 Nc7 27. Ree2 Bf6 28. Qd3 Bg7
29. Ng5 Bh6 30. Bh3 Bxg5 31. hxg5 Ne8 32. Be6+ Kh7 33. gxf4 Rxf4 34. Re3 Ng7
35. Bh3 1/2-1/2

[Event "SR 3. liga A2 2015/2016"]
[Site "?"]
[Date "2015.10.11"]
[Round "1.2"]
[White "Miciak, Emanuel"]
[Black "Danada, Tomas"]
[Result "0-1"]
[WhiteElo "1845"]
[BlackElo "2116"]
[PlyCount "32"]
[EventDate "2016.??.??"]

1. d4 g6 2. c4 Bg7 3. e4 Nc6 4. Be3 e5 5. d5 Nd4 6. Bd3 c5 7. dxc6 dxc6 8. Ne2
Nf6 9. f3 Nd7 10. O-O O-O 11. Nbc3 Nc5 12. Rc1 Nxd3 13. Bxd4 Nxc1 14. Bc5 Qxd1
15. Rxd1 Nxe2+ 16. Nxe2 Re8 0-1

[Event "SR 3. liga A2 2015/2016"]
[Site "?"]
[Date "2015.10.11"]
[Round "1.2"]
[White "Travnicek, Petr"]
[Black "Podjavorinsky, Michal"]
[Result "1-0"]
[WhiteElo "2090"]
[BlackElo "1819"]
[PlyCount "53"]
[EventDate "2016.??.??"]

1. d4 Nf6 2. c4 g6 3. Nc3 Bg7 4. e4 d6 5. f3 O-O 6. Be3 a6 7. Bd3 Nc6 8. Nge2
Nh5 9. g4 Nf6 10. Qd2 Nb4 11. O-O-O Nxd3+ 12. Qxd3 Rb8 13. h4 h5 14. gxh5 Nxh5
15. Rdg1 b5 16. Ng3 bxc4 17. Qxc4 Nxg3 18. Rxg3 c5 19. dxc5 Qa5 20. Rxg6 Be6
21. Rxe6 fxe6 22. Qxe6+ Kh8 23. Rg1 Rxb2 24. Bd4 Rf6 25. Bxf6 exf6 26. Qe8+ Kh7
27. Qg6+ 1-0

[Event "SR 3. liga A2 2015/2016"]
[Site "?"]
[Date "2015.10.11"]
[Round "1.2"]
[White "Bjel, Jan"]
[Black "Pribila, Gerhard"]
[Result "0-1"]
[WhiteElo "1820"]
[BlackElo "2083"]
[PlyCount "126"]
[EventDate "2016.??.??"]

1. e4 c5 2. Nf3 e6 3. d4 cxd4 4. Nxd4 a6 5. Be2 Nf6 6. Nd2 Qc7 7. O-O Bc5 8. c3
O-O 9. Bd3 b5 10. N2b3 Be7 11. a3 Bb7 12. Bg5 d6 13. Re1 Nbd7 14. Rc1 Ne5 15.
Bb1 h6 16. Bh4 Rfe8 17. Nd2 Rad8 18. Bg3 Qc5 19. N4b3 Qb6 20. Bxe5 dxe5 21. Qe2
Rd7 22. Nf3 Bd6 23. Rcd1 Red8 24. Rd2 $11 Bc7 25. Red1 Rxd2 26. Rxd2 Rxd2 27.
Nbxd2 Qc5 28. h3 Nh5 29. Nb3 Qd6 30. Qd2 Qb6 31. Qd7 Nf6 32. Qd1 Bxe4 33. Bxe4
Nxe4 34. Qe2 Nc5 35. Nxc5 Qxc5 36. Qd2 Qd5 37. Kf1 Kf8 38. Ke2 Ke7 39. Qe3 e4
40. Nd2 f5 41. Qa7 Qd6 42. Ke1 Qb6 43. Qxb6 Bxb6 44. Ke2 Kd6 45. c4 Bd4 46.
cxb5 axb5 47. b3 Kd5 48. Nb1 e5 49. Nd2 f4 50. f3 exf3+ 51. gxf3 Bb2 52. a4
bxa4 53. bxa4 Bc3 54. Ne4 Bb4 55. Kd3 Ba5 56. Nc3+ Bxc3 57. Kxc3 e4 58. fxe4+
Kxe4 59. a5 Kd5 60. a6 Kc6 61. Kd4 g5 62. Ke4 Kb6 63. h4 Kxa6 0-1

[Event "SR 3. liga A2 2015/2016"]
[Site "?"]
[Date "2015.10.11"]
[Round "1.2"]
[White "Ambros, Rafael"]
[Black "Smrek, Peter"]
[Result "1-0"]
[WhiteElo "1987"]
[BlackElo "1808"]
[PlyCount "34"]
[EventDate "2016.??.??"]

1. e4 e5 2. Nf3 Nc6 3. d4 exd4 4. Nxd4 Nge7 5. Nc3 Nxd4 6. Qxd4 Nc6 7. Qa4 a6
8. Bd2 Bc5 9. f3 Ra7 10. Qc4 d6 11. Nd5 b5 12. Qb3 Nd4 13. Qd3 c6 14. Ne3 Qb6
15. b4 Be6 16. bxc5 dxc5 17. c3 c4 1-0

[Event "SR 3. liga A2 2015/2016"]
[Site "?"]
[Date "2015.10.11"]
[Round "1.2"]
[White "Orvisky, Vladimir"]
[Black "Kubis, Ivan"]
[Result "0-1"]
[WhiteElo "1789"]
[BlackElo "1949"]
[PlyCount "46"]
[EventDate "2016.??.??"]

1. c4 e5 2. Nc3 Nf6 3. Nf3 Nc6 4. g3 Bb4 5. Bg2 O-O 6. O-O Re8 7. a3 Bxc3 8.
dxc3 d6 9. Qc2 Be6 10. b3 Qd7 11. Rd1 Bf5 12. Qb2 Qe7 13. Ne1 e4 14. Nc2 Ne5
15. Ne3 Bg6 16. h3 c6 17. Kh2 Rad8 18. Qc2 h6 19. Bb2 Nf3+ 20. Kh1 Nh5 21. Qc1
Ne5 22. Kh2 f5 23. Nf1 Rf8 0-1

[Event "SR 3. liga A2 2015/2016"]
[Site "?"]
[Date "2015.10.11"]
[Round "1.2"]
[White "Husek, Lubomir"]
[Black "Lajda, Dusan"]
[Result "0-1"]
[WhiteElo "1904"]
[BlackElo "1795"]
[PlyCount "100"]
[EventDate "2016.??.??"]

1. e4 c5 2. Nf3 Nc6 3. Nc3 d6 4. d4 cxd4 5. Nxd4 a6 6. Be2 Nf6 7. Be3 Bd7 8. a4
g6 9. O-O Bg7 10. Nb3 O-O 11. a5 Qe8 12. f3 Na7 13. Rb1 Bc6 14. Nd4 Nd7 15.
Nxc6 Nxc6 16. Nd5 Rc8 17. b4 e6 18. Nb6 Nxb6 19. Bxb6 Qe7 20. c4 Rfe8 21. b5
axb5 22. cxb5 Ne5 23. Qb3 Nd7 24. Bf2 Nc5 25. Qa3 Be5 26. Rfd1 Qf6 27. b6 g5
28. Rb4 Ra8 29. Bd4 Rec8 30. Bxe5 Qxe5 31. Rc4 h5 32. Rdc1 h4 33. Qb4 f6 34.
R4c2 Rd8 35. Rd1 Na6 36. Bxa6 Rxa6 37. Ra2 Kf7 38. Rc1 Kg6 39. Rc7 Rda8 40.
Rxb7 Rxa5 41. Rxa5 Rxa5 42. Ra7 Rb5 43. Qc4 Rb1+ 44. Kf2 Qb2+ 45. Ke3 Qxb6+ 46.
Ke2 Qxa7 47. Qxe6 Rb2+ 48. Kd3 Qa3+ 49. Kd4 Rd2+ 50. Kc4 Qa2+ 0-1

[Event "SR 3. liga A2 2015/2016"]
[Site "?"]
[Date "2015.10.11"]
[Round "1.2"]
[White "Krchnak, Rudolf"]
[Black "Brunovsky, Peter"]
[Result "1/2-1/2"]
[WhiteElo "1795"]
[BlackElo "1852"]
[PlyCount "62"]
[EventDate "2016.??.??"]

1. d4 Nf6 2. Nc3 d5 3. Bg5 Bf5 4. Bxf6 gxf6 5. e3 e6 6. Bd3 Bg6 7. Nge2 c6 8.
Nf4 Bd6 9. g3 Nd7 10. Nxg6 hxg6 11. Ne2 f5 12. c3 Nf6 13. f3 Qc7 14. Kf2 g5 15.
Qc2 O-O-O 16. Qa4 Kb8 17. b4 Rh6 18. Qb3 Rdh8 19. Kg2 g4 20. f4 Ne4 21. Bxe4
fxe4 22. a4 f5 23. Qd1 Qh7 24. Qg1 Rh3 25. Nc1 Ka8 26. Nb3 b6 27. Nd2 Kb7 28.
Nf1 Kc7 29. Qf2 Kd8 30. Qe2 Qb7 31. b5 c5 1/2-1/2

[Event "SR 3. liga A2 2015/2016"]
[Site "?"]
[Date "2015.10.11"]
[Round "1.2"]
[White "Papanek, Lubomir"]
[Black "Kosiarcik, Maximilian"]
[Result "1-0"]
[WhiteElo "1647"]
[BlackElo "1789"]
[PlyCount "53"]
[EventDate "2016.??.??"]

1. e4 e5 2. Nf3 Nc6 3. Bb5 a6 4. Ba4 Nf6 5. O-O Be7 6. Re1 b5 7. Bb3 O-O 8. c3
Na5 9. Bc2 c5 10. d3 d6 11. Bg5 Bg4 12. Nbd2 Nc6 13. h3 Be6 14. Nf1 Qd7 15. Ne3
Rac8 16. Nh2 Ne8 17. Bxe7 Qxe7 18. Nd5 Qg5 19. Re3 f5 20. Rg3 Qd8 21. Qh5 f4
22. Rg5 h6 23. Qxh6 Bxd5 24. exd5 Rf6 25. Qh5 Ne7 26. Ng4 Rf8 27. Nh6+ 1-0

[Event "SR 3. liga A2 2015/2016"]
[Site "?"]
[Date "2015.10.11"]
[Round "1.3"]
[White "Abel, Peter"]
[Black "Kavon, Rastislav"]
[Result "0-1"]
[WhiteElo "2208"]
[BlackElo "2183"]
[PlyCount "92"]
[EventDate "2016.??.??"]

1. c4 Nf6 2. Nc3 g6 3. g3 Bg7 4. Bg2 O-O 5. Nf3 d6 6. O-O Nc6 7. d3 e5 8. Rb1
Ne8 9. e3 f5 10. Ne1 Nf6 11. Nc2 g5 12. f4 gxf4 13. gxf4 Kh8 14. Nd5 Nxd5 15.
cxd5 Ne7 16. Qh5 Bd7 17. e4 Qe8 18. Qxe8 Raxe8 19. fxe5 Bxe5 20. Be3 Bb5 21.
Rbd1 f4 22. Bc1 c5 23. Bh3 Ng6 24. Rf2 Re7 25. d4 cxd4 26. Nxd4 Bxd4 27. Rxd4
Bd7 28. Bxd7 Rxd7 29. Bd2 Rc7 30. Ra4 a6 31. Bc3+ Ne5 32. Rb4 Kg8 33. Rb6 Rf6
34. Rg2+ Kf7 35. Bxe5 dxe5 36. Rxf6+ Kxf6 37. Rd2 Rc4 38. Kf2 Rxe4 39. Kf3 Re3+
40. Kg4 Ke7 41. h4 Kd6 42. Kg5 f3 43. Rf2 e4 44. Kh6 Re2 45. Rf1 f2 46. Kxh7 e3
0-1

[Event "SR 3. liga A2 2015/2016"]
[Site "?"]
[Date "2015.10.11"]
[Round "1.3"]
[White "Bango, Lukas"]
[Black "Nemsak, Denis"]
[Result "0-1"]
[WhiteElo "2078"]
[BlackElo "2051"]
[PlyCount "64"]
[EventDate "2016.??.??"]

1. c4 e5 2. Nc3 Nc6 3. g3 f5 4. Bg2 Nf6 5. d3 Bb4 6. Bd2 O-O 7. Nf3 d6 8. O-O
Bxc3 9. Bxc3 Qe8 10. b4 Qh5 11. c5 Kh8 12. b5 Nd8 13. cxd6 cxd6 14. Bb4 Nf7 15.
Rc1 f4 16. Rc7 Bh3 17. Bxh3 Qxh3 18. Rxf7 Rxf7 19. Ng5 Qh5 20. Nxf7+ Qxf7 21.
Bxd6 Qd5 22. Bc7 Rc8 23. b6 axb6 24. Bxb6 Qxa2 25. gxf4 Nd5 26. Be3 Nc3 27. Qe1
Nxe2+ 28. Kh1 exf4 29. Bd2 f3 30. Bg5 Qe6 31. Rg1 Qf5 32. Bh6 Nxg1 0-1

[Event "SR 3. liga A2 2015/2016"]
[Site "?"]
[Date "2015.10.11"]
[Round "1.3"]
[White "Bincik, Pavol"]
[Black "Lopatievov, Alexander"]
[Result "0-1"]
[WhiteElo "1933"]
[BlackElo "1901"]
[PlyCount "90"]
[EventDate "2016.??.??"]

1. d4 c6 2. c4 d5 3. Nc3 Nf6 4. Nf3 dxc4 5. a4 Nd5 6. Ne5 Nxc3 7. bxc3 Qd5 8.
Qc2 b5 9. e4 Qd8 10. Ba3 f6 11. Nf3 g6 12. Be2 Nd7 13. O-O e6 14. Bxf8 Kxf8 15.
Rfb1 Ba6 16. axb5 Bxb5 17. Nd2 Nb6 18. Qa2 f5 19. Nxc4 Kg7 20. Nxb6 axb6 21.
Qxa8 Qxa8 22. Rxa8 Rxa8 23. Bxb5 cxb5 24. f3 Ra5 25. Kf2 f4 26. Rb2 Kf7 27. Ke2
Ke7 28. e5 h5 29. h4 Kd7 30. Kd3 Kc6 31. Ke4 Ra3 32. Rc2 Ra8 33. Kxf4 Kd5 34.
Kg5 Kc4 35. Kf6 Kb3 36. Rc1 Kb2 37. Rd1 Kc2 38. Re1 Kxc3 39. Rb1 b4 40. Kxe6 b3
41. Kf7 b2 42. e6 Kc2 43. e7 Kxb1 44. e8=Q Rxe8 45. Kxe8 Kc1 0-1

[Event "SR 3. liga A2 2015/2016"]
[Site "?"]
[Date "2015.10.11"]
[Round "1.3"]
[White "Mackovic, Matus"]
[Black "Stepanovic, Branislav"]
[Result "0-1"]
[WhiteElo "1979"]
[BlackElo "2002"]
[PlyCount "68"]
[EventDate "2016.??.??"]

1. e4 c5 2. Nf3 d6 3. c3 Nf6 4. Be2 Nc6 5. d3 e6 6. Qc2 Bd7 7. O-O Rc8 8. a3
Be7 9. Bg5 O-O 10. Nbd2 h6 11. Bxf6 Bxf6 12. Rac1 d5 13. Rfd1 Re8 14. Nf1 g6
15. Ne3 d4 16. Nc4 Qc7 17. Ncd2 Qd6 18. c4 Bg7 19. g3 e5 20. Bf1 f5 21. Ne1 f4
22. f3 h5 23. Bg2 g5 24. Nf1 g4 25. Rb1 a5 26. b3 Rf8 27. Qe2 Qg6 28. Kh1 Rf7
29. Nc2 Rcf8 30. Nd2 fxg3 31. hxg3 gxf3 32. Nxf3 Qxg3 33. Rf1 h4 34. Ng1 Rf2
0-1